<?xml version="1.0" encoding="UTF-8"?><?xml-stylesheet type="text/xsl" href="static/style.xsl"?><OAI-PMH xmlns="http://www.openarchives.org/OAI/2.0/" xmlns:xsi="http://www.w3.org/2001/XMLSchema-instance" xsi:schemaLocation="http://www.openarchives.org/OAI/2.0/ http://www.openarchives.org/OAI/2.0/OAI-PMH.xsd"><responseDate>2026-06-01T12:17:57Z</responseDate><request verb="GetRecord" identifier="oai:riuma.uma.es:10630/23993" metadataPrefix="marc">https://riuma.uma.es/rest/oai/request</request><GetRecord><record><header><identifier>oai:riuma.uma.es:10630/23993</identifier><datestamp>2026-02-03T11:21:32Z</datestamp><setSpec>com_10630_2254</setSpec><setSpec>col_10630_37953</setSpec></header><metadata><record xmlns="http://www.loc.gov/MARC21/slim" xmlns:dcterms="http://purl.org/dc/terms/" xmlns:doc="http://www.lyncode.com/xoai" xmlns:xsi="http://www.w3.org/2001/XMLSchema-instance" xsi:schemaLocation="http://www.loc.gov/MARC21/slim http://www.loc.gov/standards/marcxml/schema/MARC21slim.xsd">
   <leader>00925njm 22002777a 4500</leader>
   <datafield ind2=" " ind1=" " tag="042">
      <subfield code="a">dc</subfield>
   </datafield>
   <datafield ind2=" " ind1=" " tag="720">
      <subfield code="a">Fernández-Feria, Ramón</subfield>
      <subfield code="e">author</subfield>
   </datafield>
   <datafield ind2=" " ind1=" " tag="720">
      <subfield code="a">Alaminos-Quesada, Javier</subfield>
      <subfield code="e">author</subfield>
   </datafield>
   <datafield ind2=" " ind1=" " tag="260">
      <subfield code="c">2021-01-28</subfield>
   </datafield>
   <datafield ind2=" " ind1=" " tag="520">
      <subfield code="a">The propulsive performance of a flexible foil with prescribed pitching and heaving motions&#xd;
about any pivot point location and passive chordwise flexural deflection is analysed within&#xd;
the framework of the linear potential flow theory and the Euler–Bernoulli beam equation&#xd;
using a quartic approximation for the deflection. The amplitude of the flexural component&#xd;
of the deflection and its phase, the thrust force, input power and propulsive efficiency are&#xd;
computed analytically in terms of the stiffness and mass ratio of the plate, frequency, pivot&#xd;
point location and remaining kinematic parameters. It is found that the maximum flexural&#xd;
deflection amplitude, thrust and input power are related to the first fluid–structure natural&#xd;
frequency of the system, corresponding to the deflection approximation considered. The&#xd;
same relation is observed for the propulsive efficiency when an offset drag is included&#xd;
in the analytical expressions. These results, which are valid for small amplitude and&#xd;
sufficiently large stiffness of the foil, are compared favourably with previous related results&#xd;
when the foil pivots about the leading edge. The configurations generating maximum thrust&#xd;
and efficiency enhancement by flexibility are analysed in relation to those of an otherwise&#xd;
identical rigid foil.</subfield>
   </datafield>
   <datafield ind1="8" ind2=" " tag="024">
      <subfield code="a">Fernandez-Feria, R., &amp; Alaminos-Quesada, J. (2021). Analytical results for the propulsion performance of a flexible foil with prescribed pitching and heaving motions and passive small deflection. Journal of Fluid Mechanics, 910, A43. doi:10.1017/jfm.2020.1015</subfield>
   </datafield>
   <datafield ind1="8" ind2=" " tag="024">
      <subfield code="a">https://hdl.handle.net/10630/23993</subfield>
   </datafield>
   <datafield ind1="8" ind2=" " tag="024">
      <subfield code="a">10.1017/jfm.2020.1015</subfield>
   </datafield>
   <datafield tag="653" ind2=" " ind1=" ">
      <subfield code="a">Vuelo</subfield>
   </datafield>
   <datafield tag="653" ind2=" " ind1=" ">
      <subfield code="a">Natación</subfield>
   </datafield>
   <datafield ind2="0" ind1="0" tag="245">
      <subfield code="a">Analytical results for the propulsion performance of a flexible foil with prescribed pitching and heaving motions and passive small deflection</subfield>
   </datafield>
</record>
</metadata></record></GetRecord></OAI-PMH>